000 00479nam a2200157Ia 4500
008 220204s9999 xx 000 0 und d
020 _a8171883842
082 _a338.43.01
_bSTA.14
100 _aBhatia, M S
245 0 _aState of the Indian farmer: A millennium study. 27 vols + CD.V.14. Cost of cultivation and farm income
260 _aNew Delhi
_bAcademic Foundation
_c2004
650 _aCultivation cost
650 _aFarm income
700 _aSen, Abhijit
942 _cBK
999 _c42336
_d42336